Statistics for Every Municipality in the Canton of Bern

Click here to take the quiz!

General Stats

  • This quiz has been taken 43 times
  • The average score is 87 of 552

Answers on the Map

Answers color-coded by a green-red scale on the quiz's map according to % correct below.
Loading ...
 

Answer Stats

Municipality% Correct
Bern
96%
Thun
50%
Interlaken
50%
Biel / Bienne
46%
Köniz
43%
Ostermundigen
43%
Brienz
39%
Ittigen
36%
Burgdorf
36%
Lyss
36%
Zollikofen
36%
Langnau im Emmental
36%
Münsingen
36%
Worb
36%
Langenthal
36%
Twann
36%
Erlach
36%
Meiringen
36%
Münchenbuchsee
36%
Kehrsatz
32%
Steffisburg
32%
Moutier
32%
Belp
32%
Nidau
32%
Lenk im Simmental
32%
Rubigen
32%
Boll
32%
Adelboden
32%
Bolligen
32%
Ligerz
29%
Lyssach
29%
Wohlen bei Bern
29%
Bremgarten bei Bern
29%
Ins
29%
Grindelwald
29%
Büren an der Aare
29%
Muri bei Bern
29%
Büren zum Hof
29%
Saint-Imier
29%
Allmendingen bei Bern
29%
Orvin
29%
Beatenberg
29%
Hasliberg-Reuti
29%
Evilard
25%
Finsterhennen
25%
Kandersteg
25%
Wangen an der Aare
25%
Jens
25%
Urtenen-Schönbühl
25%
Unterseen
25%
Ipsach
25%
Heimberg
25%
Herzogenbuchsee
25%
Hilterfingen
25%
Lengnau
25%
Kiesen
25%
Oberwil bei Büren
25%
Schangnau
25%
Saanen
25%
Rüti bei Riggisberg
25%
Rüti bei Lyssach
25%
Rüti bei Büren
25%
Romont
25%
Port
25%
Pieterlen
25%
Orpund
25%
Oberwil im Simmental
25%
Sigriswil
25%
Kirchberg
25%
Moosseedorf
25%
Spiez
25%
Stettlen
25%
Meinisberg
25%
Tavannes
25%
Court
25%
Leissigen
25%
Lauterbrunnen
25%
La Neuveville
25%
Toffen
25%
Kirchlindach
25%
Wilderswil
25%
Aarberg
25%
Bätterkinden
25%
Burgistein
25%
Zweisimmen
25%
Bellmund
25%
Wimmis
25%
Cortébert
21%
Trub
21%
Nods
21%
Thierachern
21%
Oberbalm
21%
Oberbipp
21%
Grossaffoltern
21%
Courtelary
21%
Seftigen
21%
Oberdiessbach
21%
Innertkirchen
21%
Niederried bei Kallnach
21%
Oberhofen am Thunersee
21%
Vinelz
21%
Oberlangenegg
21%
Oberried am Brienzersee
21%
Gerzensee
21%
Walperswil
21%
Sonceboz-Sombeval
21%
Kirchdorf
21%
Niederried bei Interlaken
21%
Tüscherz-Alfermée
21%
Unterlangenegg
21%
Hasliberg-Wasserwendi
21%
Homberg
21%
Hasliberg-Hohfluh
21%
Hasliberg-Goldern
21%
Mörigen
21%
Hagneck
21%
Habkern
21%
Meikirch
21%
Arch
21%
Guttannen
21%
Leuzigen
21%
Müntschemier
21%
Sutz
21%
Niederbipp
21%
Täuffelen
21%
Uttigen
21%
Meienried
21%
Brügg
21%
Iseltwald
21%
Amsoldingen
21%
Uebeschi
21%
Kriechenwil
21%
Kappelen
21%
Schelten
21%
Wichtrach
21%
Kaufdorf
21%
Krattigen
21%
Rüschegg Gambach
21%
Rüschegg Heubach
21%
Aegerten
21%
Erlenbach im Simmental
21%
Wiler bei Seedorf
21%
Tramelan
21%
Diessbach bei Büren
21%
Diemtigen
21%
Diemerswil
21%
Wiler bei Utzenstorf
21%
Safnern
21%
Därligen
21%
Konolfingen
21%
Riggisberg
21%
Ersigen
21%
Studen
21%
Radelfingen bei Aarberg
21%
Gals
21%
Péry
21%
Frutigen
21%
Herbligen
21%
Wattenwil
21%
Worben
21%
Frauenkappelen
21%
Schwarzenburg
21%
Schwanden im Emmental
21%
Uetendorf
21%
Clavaleyres
21%
Schwanden bei Brienz
21%
Rapperswil
21%
Biglen
21%
Reichenbach im Kandertal
21%
Matten bei Interlaken
21%
Matten (St. Stephan)
21%
Schwanden (Sigriswil)
21%
Kallnach
21%
Heiligenschwendi
21%
Laupen
18%
Lützelflüh-Goldbach
18%
Lütschental
18%
Lüscherz
18%
Sumiswald
18%
Linden
18%
Wynigen
18%
Lauenen bei Gstaad
18%
Landiswil
18%
Bleienbach
18%
La Ferrière
18%
Krauchthal
18%
Koppigen
18%
Belpberg
18%
Sonvilier
18%
Aarwangen
18%
Roches
18%
Pohlern
18%
Rebévilier
18%
Renan
18%
Reutigen
18%
Schwadernau
18%
Schüpfen
18%
Röthenbach
18%
Oppligen
18%
Röthenbach im Emmental
18%
Rümligen
18%
Schattenhalb
18%
Aeschi bei Spiez
18%
Aefligen
18%
Zwieselberg
18%
Affoltern im Emmental
18%
Oberthal
18%
Merzligen
18%
Münchenwiler
18%
Bargen
18%
Mirchel
18%
Bäriswil
18%
St. Stephan
18%
Zäziwil
18%
Mühleberg
18%
Neuenegg
18%
Seedorf
18%
Niederhünigen
18%
Niedermuhlern
18%
Siselen
18%
Oberburg
18%
Arni
18%
Signau
18%
Oberhünigen
18%
Blumenstein
18%
Lauperswil
18%
Saxeten
18%
Gurzelen
18%
Walkringen
18%
Gondiswil
18%
Villeret
18%
Grandval
18%
Champoz
18%
Gsteig bei Gstaad
18%
Guggisberg
18%
Gündlischwand
18%
Hasle bei Burgdorf
18%
Gampelen
18%
Busswil bei Melchnau
18%
Busswil
18%
Häutligen
18%
Wileroltigen
18%
Heimenschwand
18%
Heimiswil
18%
Hellsau
18%
Hermrigen
18%
Bühl bei Aarberg
18%
Walterswil
18%
Gadmen
18%
Büetigen
18%
Eriz
18%
Crémines
18%
Därstetten
18%
Diesse
18%
Dotzigen
18%
Eggiwil
18%
Cormoret
18%
Epsach
18%
Eriswil
18%
Corgémont
18%
Freimettigen
18%
Eschert
18%
Wengi bei Frutigen
18%
Corcelles
18%
Fahrni
18%
Wengi bei Büren
18%
Farnern
18%
Ferenbalm
18%
Forst
18%
Fraubrunnen
18%
Hindelbank
18%
Gsteigwiler
18%
Höchstetten
18%
Hofstetten bei Brienz
18%
Brienzwiler
18%
Jaberg
18%
Huttwil
18%
Kandergrund
18%
Brenzikofen
18%
Tschugg
18%
Horrenbach
18%
Bowil
18%
Jegenstorf
18%
Trubschachen
18%
Höfen bei Thun
18%
Inkwil
18%
Boltigen
18%
Kernenried
18%
Bönigen bei Interlaken
18%
Seehof
14%
Wengen
14%
Prêles
14%
Saules
14%
Graben
14%
Perrefitte
14%
Wabern
14%
Schwarzhäusern
14%
Alchenstorf
14%
Oeschenbach
14%
Ochlenberg
14%
Châtelat
14%
Reconvilier
14%
Oberstocken
14%
Obersteckholz
14%
Walliswil bei Wangen
14%
Walliswil bei Niederbipp
14%
Brüttelen
14%
Roggwil
14%
Längenbühl
14%
Englisberg
14%
Saicourt
14%
Deisswil bei Münchenbuchsee
14%
Rütschelen
14%
Dürrenroth
14%
Trachselwald
14%
Wiggiswil
14%
Wiedlisbach
14%
Rumisberg
14%
Rumendingen
14%
Rüegsau
14%
Lamboing
14%
Rüeggisberg
14%
Scheuren
14%
Rüdtligen
14%
Rüderswil
14%
Zuzwil
14%
Rohrbach
14%
Wynau
14%
Ringgenberg
14%
Treiten
14%
Teuffenthal
14%
Seeberg
14%
Grosshöchstetten
14%
Belprahon
14%
Zimmerwald
14%
Sorvilier
14%
Gwatt (Thun)
14%
Mötschwil
14%
Bannwil
14%
Spiegel bei Bern
14%
Mont-Tramelan
14%
Monible
14%
Liebefeld
14%
Heimenhausen
14%
Mürren
14%
Limpach
14%
Melchnau
14%
Wyssachen
14%
Helgisried-Rohrbach
14%
Mattstetten
14%
Süderen
14%
Madiswil
14%
Lotzwil
14%
Loveresse
14%
Auswil
14%
Mühlethurnen
14%
Gurbrü
14%
Attiswil
14%
Utzenstorf
14%
Niederstocken
14%
Iffwil
14%
Bettenhausen
14%
Niederönz
14%
Berken
14%
Kirchenthurnen
14%
Aeschlen ob Gunten
11%
Bollodingen
11%
Schliern bei Köniz
11%
Wangenried
11%
Trimstein
11%
Zauggenried
11%
Hinterkappelen
11%
Gümligen
11%
Plagne
11%
Scheunen
11%
Rüfenacht
11%
Thörigen
11%
Rohrbachgraben
11%
Niederscherli
11%
Gstaad
11%
Lohnstorf
11%
Suberg
11%
Worblaufen
11%
Albligen
11%
Vauffelin
11%
Kleindietwil
11%
Schalunen
11%
Aeschlen bei Oberdiessbach
11%
Willadingen
11%
Sornetan
11%
Faulensee
11%
Thunstetten
11%
Ried (Frutigen)
11%
Mühledorf
11%
La Heutte
11%
Reisiswil
11%
Zielebach
11%
Ursenbach
11%
Oey
11%
Bleiken bei Oberdiessbach
11%
Mülchi
11%
Wolfisberg
7%
Utzigen
7%
Weissenburg
7%
Souboz
7%
Zweilütschinen
7%
Uettligen
7%
Vielbringen bei Worb
7%
Schwenden im Diemtigtal
7%
Turbach
7%
Zollbrück
7%
Wanzwil
7%
Schüpbach
7%
Schwendibach
7%
Stechelberg
7%
Thörishaus
7%
Untersteckholz
7%
Schönried
7%
Schlosswil
7%
Tägertschi
7%
Macolin
7%
Münchringen
7%
Hermiswil
7%
Burglauenen
7%
Oberönz
7%
Dieterswil
7%
Lanzenhäusern
7%
Noflen
7%
Niederwangen bei Bern
7%
Golaten
7%
Etzelkofen
7%
Mülenen
7%
Buchen
7%
Fankhaus
7%
Feutersoey
7%
Lätti
7%
Le Fuet
7%
Frieswil
7%
Leimiswil
7%
Merligen
7%
Mamishaus
7%
Gasel
7%
Les-Prés-d'Orvin
7%
Oberwangen bei Bern
7%
Ortschwaben
7%
Grafenried
7%
Sangernboden
7%
Saanenmöser
7%
Abländschen
7%
Ruppoldsried
7%
Gutenburg
7%
Alchenflüh
7%
Axalp
7%
Ballmoos
7%
Bangerten bei Dieterswil
7%
Bärau
7%
Hünibach (Thun)
7%
Gunten
7%
Grund bei Gstaad
7%
Kiental
7%
Gelterfingen
7%
Gümmenen
4%
Grünenmatt
4%
Goldiwil (Thun)
4%
Gysenstein
4%
Heimisbach
4%
Goldswil bei Interlaken
4%
Grünen
4%
Gohl
4%
Säriswil
4%
Gimmelwald
4%
Blankenburg
4%
Achseten
4%
Aeschau
4%
Aeschiried
4%
Bellelay
4%
Bévilard
4%
Biberen
4%
Biembach im Emmental
4%
Bigenthal
4%
Blausee-Mitholz
4%
Gerolfingen
4%
Brünig
4%
Einigen
4%
Emdthal
4%
Emmenmatt
4%
Enggistein
4%
Fornet-Dessous
4%
Weier im Emmental
4%
Wasen im Emmental
4%
Frinvilier
4%
Unterbach
4%
Tschingel ob Gunten
4%
Herrenschwanden
4%
Pontenet
4%
Montagne-de-Courtelary
4%
Hettiswil bei Hindelbank
4%
Niederösch
4%
Oberbütschel
4%
Oberfrittenbach
4%
Obergoldbach
4%
Seewil
4%
Oberösch
4%
Oeschseite
4%
Schwarzenbach (Huttwil)
4%
Mont-Crosin
4%
Ramsei
4%
Ranflüh
4%
Richigen
4%
Riffenmatt
4%
Ringoldswil
4%
Rizenbach
4%
Rosshäusern
4%
Rüegsauschachen
4%
Rüegsbach
4%
Scharnachtal
4%
Mont-Soleil
4%
Montagne-de-Sonvilier
4%
Mittelhäusern
4%
La Cibourg
4%
Hinterfultigen
4%
Hondrich
4%
Horboden
4%
Schafhausen im Emmental
4%
Innerberg
4%
Innereriz
4%
Isenfluh
4%
Kaltacker
4%
Milken
4%
Kräiligen
4%
Zwischenflüh
4%
Sundlauenen
4%
Malleray
4%
Latterbach
4%
Häusernmoos im Emmental
0%
Gammen
0%
Rüedisbach
0%
Lobsigen
0%
Ammerzwil
0%
Murzelen
0%
Schmidigen-Mühleweg
0%
Bützberg
0%
Wahlendorf
0%
Riedtwil
0%
Riedstätt
0%
Les Pontins
0%
Les Ecorcheresses
0%
Grasswil
0%
Detligen
0%
Oschwand
0%
La Tanne
0%
Les Reussilles
0%

Score Distribution

Percentile by Number Answered

Percent of People with Each Score

Your Score History

You have not taken this quiz